[Event "RUS-ch49th (Women)"]
[Site "Moscow"]
[Date "1999.05.19"]
[Round "5"]
[White "Andreeva, Natalija"]
[Black "Ovchinikova, Julia"]
[Result "1/2-1/2"]
[WhiteElo "2254"]
[BlackElo "2205"]

1.Nf3 d5 2.g3 Bg4 3.Bg2 Nd7 4.c4 e6 5.O-O dxc4 6.Qa4 c6 7.Qxc4 Bxf3 8.Bxf3 Ne5
9.Qc3 Nxf3+ 10.Qxf3 Qd4 11.Nc3 Nf6  1/2-1/2

[Event "IHEM"]
[Site "Hamburg"]
[Date "1999.05.22"]
[Round "1.8"]
[White "Urban, Klaudiusz"]
[Black "Lindinger, Markus"]
[Result "1-0"]
[WhiteElo "2444"]
[BlackElo "2302"]

1.g3 d5 2.Nf3 g6 3.c4 Nf6 4.Bg2 Bg7 5.O-O Nc6 6.d4 dxc4 7.Na3 O-O 8.Nxc4 Be6
9.b3 Bd5 10.e3 a5 11.a4 Qc8 12.Ba3 Qe6 13.Rc1 Rfd8 14.Qe2 h6 15.Rfd1 Nd7
16.Qf1 f5 17.Ne1 Nf6 18.Nd3 Bxg2 19.Qxg2 Ne4 20.f3 Nf6 21.Kh1 Qf7 22.Nde5 Nxe5
23.Nxe5 Qxb3 24.Rd3 Qxa4 25.Qa2+ Kh7 26.Rc4 Qe8 27.Rxc7 Nd5 28.Rxb7 Nb4 29.Bxb4 axb4
30.Qe6 Rd6 31.Qxe7 Qxe7 32.Rxe7 Kg8 33.Rd7 Rb6 34.Rb3 Ra3 35.Rb1 Rc3 36.Ra1 b3
37.Ra8+ Kh7 38.Raa7 b2 39.Rxg7+ Kh8 40.Rh7+ Kg8 41.Rag7+  1-0

[Event "Capablanca mem Premier II"]
[Site "Havana"]
[Date "1999.05.22"]
[Round "13"]
[White "Dominguez Perez, Lenier"]
[Black "Gongora, Maikel"]
[Result "1/2-1/2"]
[WhiteElo "2479"]
[BlackElo "2427"]

1.Nf3 d5 2.g3 Nc6 3.d4 Bf5 4.Bg2 Nb4 5.Na3 Nf6 6.O-O e6 7.c3 Nc6 8.Nc2 h6
9.b3 Be7 10.Bb2 Ne4  1/2-1/2

[Event "BCF-chT 98/99 (4NCL)"]
[Site "GBR"]
[Date "1999.05.23"]
[Round "9"]
[White "Norwood, David"]
[Black "Parker, Jonathan"]
[Result "0-1"]
[WhiteElo "2535"]
[BlackElo "2522"]

1.g3 d5 2.Nf3 Bg4 3.Bg2 Nd7 4.c4 e6 5.Qb3 Nc5 6.Qe3 Nf6 7.d4 Bxf3 8.Bxf3 Nce4
9.cxd5 Bb4+ 10.Kf1 exd5 11.Qb3 Qd6 12.Qa4+ Qc6 13.Qxb4 Qxc1+ 14.Kg2 Qc6 15.Nc3 a5
16.Qa3 Nxc3 17.bxc3 Ne4 18.Bxe4 dxe4 19.Rhd1 Qc4 20.Rab1 b6 21.e3 O-O-O 22.Qb3 Qxb3
23.Rxb3 h5 24.h4 Rd5 25.Rdb1 Rh6 26.Rb5 Rhd6 27.c4 Rxb5 28.Rxb5 g6 29.Re5 Rc6
30.c5 bxc5 31.dxc5 f5 32.f3 Kd7 33.Rd5+ Ke6 34.fxe4 fxe4 35.Rg5 Kf7 36.Kf2 Rf6+
37.Kg2 Rf5 38.g4 Rxg5 39.hxg5 h4 40.Kh3 Ke6 41.Kxh4 Kd5  0-1

[Event "BCF-chT 98/99 (4NCL)"]
[Site "GBR"]
[Date "1999.05.23"]
[Round "9"]
[White "Noyce, Robert"]
[Black "Lalic, Susan"]
[Result "1/2-1/2"]
[WhiteElo "2180"]
[BlackElo "2335"]

1.Nf3 d5 2.g3 c5 3.Bg2 Nc6 4.O-O e6 5.d3 g6 6.Nbd2 Bg7 7.e4 Nge7 8.Nh4 b6
9.f4 dxe4 10.dxe4 Ba6 11.Re1 g5 12.fxg5 Bd4+ 13.Kh1 Bf2 14.e5 Bxe1 15.Qxe1 Qc7
16.Ne4 O-O-O 17.Nd6+ Rxd6 18.exd6 Qxd6 19.Bf4  1/2-1/2

[Event "BCF-chT 98/99 (4NCL)"]
[Site "GBR"]
[Date "1999.05.23"]
[Round "9"]
[White "Webb, Richard M"]
[Black "Lalic, Bogdan"]
[Result "0-1"]
[WhiteElo "2311"]
[BlackElo "2549"]

1.Nf3 d5 2.g3 g6 3.Bg2 Bg7 4.O-O c5 5.d4 cxd4 6.Nxd4 Nf6 7.c4 O-O 8.cxd5 Nxd5
9.Nc3 Nxc3 10.bxc3 Qa5 11.Qb3 Nc6 12.Nxc6 bxc6 13.Ba3 Be6 14.Qb4 Qa6 15.Qc5 Rfc8
16.Rfb1 Bc4 17.Bb4 Bxe2 18.Qxe7 Qc4 19.Ba5 Bf8 20.Qb7 Bd3 21.Rb3 Be4 22.Bxe4 Qxe4
23.Qa6 Qa4 24.Rb7 Bc5 25.Re1 Re8 26.Rbb1 Bb6  0-1

[Event "IHEM"]
[Site "Hamburg"]
[Date "1999.05.23"]
[Round "2.1"]
[White "Ftacnik, Lubomir"]
[Black "Lamprecht, Frank"]
[Result "0-1"]
[WhiteElo "2585"]
[BlackElo "2399"]

1.Nf3 d5 2.g3 c6 3.Bg2 Nf6 4.O-O Bg4 5.b3 Nbd7 6.Bb2 e6 7.d3 Bd6 8.Nbd2 O-O
9.h3 Bxf3 10.Nxf3 e5 11.a4 a5 12.e4 Re8 13.Qe2 d4 14.Nh2 b5 15.f4 bxa4 16.Rxa4 Nb6
17.Raa1 a4 18.fxe5 Bxe5 19.Nf3 Bxg3 20.Bxd4 Nh5 21.bxa4 Rxa4 22.Rxa4 Nxa4
23.Ra1 Nb6 24.Qd2 Nf4 25.Ra6 Nd7 26.Rxc6 Nf8 27.Be3 N8g6 28.Rc5 Qb8 29.Bf1 Ne6
30.Rc4 Bf4 31.Bxf4 Nexf4 32.e5 Qb6+ 33.Kh2 Nd5 34.Re4 f5 35.exf6 Nxf6 36.Rxe8+ Nxe8
37.d4 Qd6+ 38.Kg1 Nf4 39.Ne5 g5 40.Bc4+ Kg7 41.Bf1 Nf6 42.Qe3 N6d5 43.Qg3 h6
44.c4 Ne7 45.Qc3 Nf5 46.Nf3 Nxh3+ 47.Bxh3 Qg3+ 48.Kf1 Qxh3+ 49.Ke1 Nh4 50.d5+ Kg8
51.Qf6 Qxf3 52.Qxh6 Qe3+ 53.Kd1 Qd3+ 54.Ke1 Qe4+ 55.Kd1 Nf3 56.Qa6 Qd3+ 57.Kc1 Qc3+
58.Kb1 Nd2+  0-1

[Event "Keres mem op 24th"]
[Site "Vancouver"]
[Date "1999.05.23"]
[Round "4"]
[White "Milicevic, Dragoljub"]
[Black "Poitras, Luc"]
[Result "0-1"]
[WhiteElo "2226"]
[BlackElo "2110"]

1.Nf3 d5 2.g3 e6 3.Bg2 f5 4.d4 Nf6 5.O-O Be7 6.b3 O-O 7.Bb2 c6 8.e3 Bd7 9.c4 Be8
10.Ne5 Nbd7 11.Nd3 g5 12.Nd2 Bg6 13.f4 h6 14.Rc1 Ne4 15.Nxe4 fxe4 16.Nf2 Kh7
17.Bh3 Bf5 18.g4 Bg6 19.Nh1 gxf4 20.exf4 Bd6 21.Qd2 Qh4 22.Qe3 Bxf4 23.Rxf4 Rxf4
24.Qxf4 Qxh3 25.Rc3 Qh4 26.Rg3 Rf8 27.Qe3 Qf6 28.Nf2 Kg7 29.Bc1 Rh8 30.h4 c5
31.g5 hxg5 32.hxg5 Qxd4 33.Qe2 Qe5 34.Kg2 Bh5 35.Ng4 Bxg4 36.Qxg4 d4 37.Qe2 Qf5
38.Qg4 Rf8 39.Qxf5 exf5 40.Bf4 Re8 41.Kf2 Ne5 42.Ke2 Nd3 43.Bd6 b6 44.a3 f4
45.Rg4 f3+ 46.Kd2 f2 47.Ke2 e3 48.Bg3 Nc1+ 49.Kf1 e2+  0-1

[Event "IHEM"]
[Site "Hamburg"]
[Date "1999.05.25"]
[Round "4.4"]
[White "Urban, Klaudiusz"]
[Black "Mueller, Karsten"]
[Result "1-0"]
[WhiteElo "2444"]
[BlackElo "2558"]

1.Nf3 d5 2.g3 c6 3.Bg2 Bg4 4.O-O Nd7 5.d3 Ngf6 6.h3 Bxf3 7.Bxf3 e5 8.c4 dxc4
9.dxc4 Bc5 10.Nc3 O-O 11.Qc2 h6 12.Ne4 Nxe4 13.Bxe4 Nf6 14.Bg2 Qe7 15.Bd2 Rad8
16.Rad1 Rfe8 17.e3 Rd7 18.a3 Qe6 19.b4 Bf8 20.Bc1 Red8 21.Bb2 Rxd1 22.Rxd1 Rxd1+
23.Qxd1 Qxc4 24.Bxe5 Nd5 25.Qb1 Qe2 26.Bd4 a6 27.Qf5 Qe1+ 28.Kh2 Nc3 29.h4 Nd1
30.Qc8 Nxf2 31.Bc5 h5 32.Qxf8+ Kh7 33.e4 Ng4+ 34.Kh3 f6 35.Qf7 Kh6 36.Qxb7 Qe2
37.Qxc6 Ne5 38.Qc8 Nd3 39.Qf5 Ne1 40.Bf1 Qf3 41.Qxf3  1-0

[Event "IHEM"]
[Site "Hamburg"]
[Date "1999.05.26"]
[Round "5.3"]
[White "Urban, Klaudiusz"]
[Black "Loeffler, Stefan"]
[Result "1/2-1/2"]
[WhiteElo "2444"]
[BlackElo "2385"]

1.g3 d5 2.Nf3 c5 3.Bg2 g6 4.c4 d4 5.O-O Nc6 6.e3 Bg7 7.exd4 cxd4 8.d3 Nf6
9.Re1 O-O 10.Ne5 Nxe5 11.Rxe5 Nd7 12.Re1 Re8 13.b4 a5 14.b5 Ra7 15.Ba3 Ne5
16.h3 g5 17.Be4 g4 18.Nd2 f5 19.Bd5+ e6 20.Rxe5 Bxe5 21.Bg2 gxh3 22.Bxh3 b6
23.c5 Rg7 24.Nc4 Bxg3 25.fxg3 Qh4 26.Bg2 Qxg3 27.Qe2 bxc5 28.Ne5 Bb7 29.Nc6 c4
30.Bc5 cxd3 31.Qf2 e5 32.Qxg3 Rxg3 33.Kf2 Re3 34.Bd5+ Kh8 35.Nxd4 Bxd5 36.Kxe3 exd4+
37.Kxd3 h5 38.Kxd4 Bf3 39.Rf1 Be4 40.Bd6 Kg7 41.b6 Kf6 42.Re1 Rd8 43.Kc5 Rd7
44.Bc7 h4 45.Re3 Rh7 46.Bd8+  1/2-1/2

[Event "IHEM"]
[Site "Hamburg"]
[Date "1999.05.27"]
[Round "6.13"]
[White "Wilhelmi, Christian"]
[Black "Hochgraefe, Markus"]
[Result "0-1"]
[WhiteElo "2446"]
[BlackElo "2329"]

1.Nf3 d5 2.g3 Nf6 3.Bg2 c6 4.O-O Bg4 5.d3 e6 6.Nbd2 Be7 7.h3 Bh5 8.Qe1 O-O
9.e4 a5 10.a4 Na6 11.e5 Nd7 12.Nd4 Nb4 13.g4 Bg6 14.Qd1 Nxe5 15.f4 Qb6 16.c3 Nexd3
17.f5 Nxc1 18.fxg6 hxg6 19.Rxc1 Nd3 20.Nf3 Nxc1 21.Qxc1 Bd6 22.Re1 Rae8 23.Kh1 e5
24.Ne2 Qb3 25.Qa1 Qc2 26.Neg1 e4 27.Nd4 Qd3 28.Nge2 f5 29.Qc1 f4 30.Rd1 Qc4
31.Bf1 Qxa4 32.c4 Qxc4 33.Qxc4 dxc4 34.Nc3 Kh7 35.Bxc4 Bb4 36.Re1 Bxc3 37.bxc3 b5
38.Bf1 f3 39.Re3 a4 40.Nxc6 a3 41.Nb4 Ra8  0-1

[Event "RUS-ch49th (Women)"]
[Site "Moscow"]
[Date "1999.05.27"]
[Round "11"]
[White "Andreeva, Natalija"]
[Black "Gansvind, VaIerija"]
[Result "0-1"]
[WhiteElo "2254"]
[BlackElo "2240"]

1.Nf3 d5 2.g3 Bg4 3.Bg2 Nd7 4.O-O e6 5.d3 Ngf6 6.c4 Bd6 7.Nc3 c6 8.Be3 O-O
9.cxd5 exd5 10.Qb3 Qb8 11.h3 Bxf3 12.exf3 Nc5 13.Qc2 Ne6 14.d4 Re8 15.f4 Nf8
16.Ne2 Ne4 17.b3 a5 18.Bc1 Qa7 19.a4 Rac8 20.Bb2 Qb6 21.Qd1 Bb4 22.Kh2 Nd2
23.Rg1 Nxb3 24.Nc3 Nxa1 25.Bxa1 Qd8 26.Qd3 Nd7 27.Bb2 Nb6 28.f5 Qf6 29.h4 Bd6
30.Kh1 h6 31.Bc1 Bb8 32.Nd1 Nc4 33.Nc3 Ba7 34.Ne2 Nd6 35.Bh3 Rxe2 36.Qxe2 Re8
37.Qh5 Bxd4 38.g4 Ne4 39.Be3 Bxe3 40.fxe3 Nf2+ 41.Kg2 Nxh3 42.Kxh3 Rxe3+
43.Rg3 Re2 44.Rg2 Qc3+ 45.Rg3 Qc2 46.Rf3 Qd1 47.g5 Qh1+ 48.Kg4 Qg2+  0-1

[Event "CRO-Cup"]
[Site "Pula"]
[Date "1999.05.28"]
[Round "5"]
[White "Rukavina, Damir"]
[Black "Mazuran, Marijan"]
[Result "1/2-1/2"]
[WhiteElo "2313"]
[BlackElo "2246"]

1.Nf3 d5 2.g3 Nf6 3.Bg2 c6 4.O-O Bf5 5.d3 h6 6.Nbd2 e6 7.c3 Nbd7 8.Re1 Bh7
9.h3 Qc7 10.Qb3 Bc5 11.Nf1 Qb6 12.Qxb6 Bxb6 13.Be3 Bxe3 14.Nxe3 Ke7 15.c4 Rhc8
16.Rac1 Ne8 17.Red1 Nd6 18.Kf1 Kd8 19.Ke1 Ke7 20.cxd5 cxd5 21.Nd4 Nc5 22.Kd2 Nd7
23.Rxc8 Rxc8 24.Rc1 Rxc1 25.Kxc1 Kd8 26.Kd2 Kc7  1/2-1/2

[Event "Pula op 13th"]
[Site "Pula"]
[Date "1999.05.29"]
[Round "1"]
[White "Genser, Harald"]
[Black "Dizdar, Goran"]
[Result "0-1"]
[WhiteElo "2160"]
[BlackElo "2563"]

1.Nf3 d5 2.g3 c6 3.b3 Bg4 4.Bg2 Nd7 5.Bb2 e6 6.O-O h5 7.h3 Bxf3 8.Bxf3 f5
9.e4 dxe4 10.Bxh5+ Ke7 11.Kg2 Ngf6 12.Be2 f4 13.f3 fxg3 14.fxe4 Nxe4 15.Ba3+ Nd6
16.Bc4 Ne5 17.Qe2 Nxc4 18.bxc4 Qd7 19.Qd3 c5 20.Nc3 Qc6+ 21.Qf3 Qxf3+ 22.Rxf3 b6
23.Re1 Nxc4 24.Bc1 Nd6 25.Rfe3 Rh6 26.d3 Kd7 27.Rxg3 Rf6 28.Ne4 Nxe4 29.Rxe4 Rf7
30.Bb2 Re8 31.a4 Ree7 32.Reg4 e5 33.Re4 Rf5 34.Rf3 Ke6 35.Rfe3 Kf6 36.Rg3  0-1

[Event "Pula op 13th"]
[Site "Pula"]
[Date "1999.05.31"]
[Round "3"]
[White "Boric, Muhamed"]
[Black "Burmakin, Vladimir"]
[Result "1/2-1/2"]
[WhiteElo "2411"]
[BlackElo "2534"]

1.Nf3 d5 2.g3 c6 3.Bg2 Bg4 4.d3 Nf6 5.O-O Nbd7 6.Nbd2 e5 7.e4 Bd6 8.h3 Bxf3
9.Nxf3 O-O 10.Nh2 dxe4 11.dxe4 Nc5 12.Qe2 Qe7 13.Ng4 Nxg4 14.Qxg4 Ne6 15.Rd1 Bc5
16.Bd2 Rad8 17.Be1 Nd4 18.Rd2 g6 19.c3 h5 20.Qd1 Ne6 21.h4 Rxd2 22.Qxd2 Rd8
23.Qe2 Bb6 24.Rd1 Rd6 25.b4 a5 26.a3 Nc7 27.Rxd6 Qxd6 28.Bf1 Nb5 29.a4 Nc7
30.Qd3 Qe7 31.Bh3 axb4 32.cxb4 Bd4 33.Kg2 Ne8 34.Bd2 Qf6 35.Qe2 Qd6 36.Qd3 Nf6
37.Bc8 Qc7 38.Bh3 c5 39.Qf3 Ne8 40.bxc5 Qxc5 41.Bd7 Qe7 42.Bxe8 Qxe8 43.Qf6 Qe6
44.Qxe6 fxe6 45.Kf3 Kf7 46.Be3 Bb2 47.Ke2 Ke7  1/2-1/2

[Event "CZE-ch"]
[Site "Lazne Bohdanec"]
[Date "1999.06.04"]
[Round "2"]
[White "Konopka, Michal"]
[Black "Talla, Vladimir"]
[Result "1-0"]
[WhiteElo "2480"]
[BlackElo "2362"]

1.Nf3 d5 2.g3 c6 3.Bg2 Nf6 4.b3 Bg4 5.Bb2 Nbd7 6.O-O e6 7.d3 Be7 8.Nbd2 O-O
9.h3 Bxf3 10.Nxf3 a5 11.a3 b5 12.e4 a4 13.b4 c5 14.exd5 exd5 15.Qd2 Qb6 16.Nh4 Rfe8
17.Nf5 Bf8 18.Qg5 Kh8 19.bxc5 Qxc5 20.Bd4 Qc6 21.Ne3 h6 22.Bxd5 Nxd5 23.Qxd5 Qxd5
24.Nxd5 Rac8 25.Ne3 Ne5 26.Kg2 Nc6 27.Bb2 Kg8 28.Rfe1 Red8 29.Red1 Nd4 30.Bxd4 Rxd4
31.Rdb1 Rc5 32.Ra2 f5 33.Kf3 g5 34.Rb4 Rd8 35.Rab2 Ra8 36.Rxb5 Rxb5 37.Rxb5 Bxa3
38.Nxf5 Bf8 39.Rb2 a3 40.Ra2 Rb8 41.Ne3 Rb2 42.Ra1 a2 43.d4 Rb4 44.Ke4 Rxd4+
45.Kxd4 Bg7+ 46.Kc4 Bxa1 47.Kb3 Kf7 48.Kxa2 Bc3 49.Kb3 Be1 50.Nd1 Kf6 51.Kc4  1-0

[Event "Rhein Main op"]
[Site "Frankfurt"]
[Date "1999.06.05"]
[Round "6"]
[White "Meyer, Stefan"]
[Black "Jugow, Alexander"]
[Result "1-0"]
[WhiteElo "2080"]
[BlackElo "2262"]

1.g3 d5 2.Nf3 c5 3.Bg2 Nc6 4.O-O e5 5.d3 Be7 6.Nbd2 f5 7.c4 d4 8.b4 cxb4
9.a3 bxa3 10.Qa4 Bd7 11.Bxa3 Nf6 12.Qb3 Rb8 13.c5 h6 14.Nc4 Be6 15.Qa4 Nd7
16.Nfxe5 Ncxe5 17.Nxe5 O-O 18.Nxd7 Qxd7 19.Qxa7 Kf7 20.Rfb1 Bd5 21.Bxd5+ Qxd5
22.Qb6 Rfc8 23.Rb5 Qd7 24.Qa5 Rc6 25.Rab1 Qc8 26.Qb4 Ra6 27.Bb2 Qd7 28.Bxd4 b6
29.Qc4+ Kf8 30.cxb6 Rc8 31.Qd5  1-0

[Event "Prague Sachinfo playoff 6'-5'"]
[Site "Prague"]
[Date "1999.06.05"]
[Round "5"]
[White "Babula, Vlastimil"]
[Black "Rogers, Ian"]
[Result "1-0"]
[WhiteElo "2565"]
[BlackElo "2618"]

1.Nf3 d5 2.g3 c6 3.Bg2 Bf5 4.O-O Nf6 5.d3 e6 6.b3 h6 7.Bb2 Nbd7 8.Nbd2 Bc5
9.Qe1 O-O 10.e4 Bh7 11.Qe2 Qe7 12.Kh1 Ba3 13.Bxa3 Qxa3 14.Nh4 Qb2 15.Rac1 Qxa2
16.f4 Qa6 17.e5 Ne8 18.f5 Qb6 19.Bh3 c5 20.Rf4 Kh8 21.Rcf1 exf5 22.Bxf5 Bxf5
23.Nxf5 Qe6 24.d4 cxd4 25.Nf3 Nc7 26.N5xd4 Qg6 27.Nh4 Qg5 28.Rxf7 Rxf7 29.Rxf7 Re8
30.e6 Ne5 31.Qxe5  1-0

[Event "Pula op 13th"]
[Site "Pula"]
[Date "1999.06.05"]
[Round "7"]
[White "Genser, Harald"]
[Black "Kristovic, Marijan"]
[Result "1/2-1/2"]
[WhiteElo "2160"]
[BlackElo "2315"]

1.Nf3 d5 2.g3 c5 3.Bg2 Nc6 4.O-O e5 5.d3 Nf6 6.Nbd2 Bd6 7.e4 dxe4 8.dxe4 O-O
9.c3 Qe7 10.Qe2 b6 11.Nc4 Ba6 12.Bg5 h6 13.Bxf6 Qxf6 14.Rfd1 Rad8 15.Nfd2 Na5
16.Bf1 Qe6 17.b3 Be7 18.Qf3 Nxc4 19.Bxc4 Bxc4 20.Nxc4 b5 21.Ne3 g6 22.Rxd8 Rxd8
23.Rd1  1/2-1/2

[Event "Salongernas IM"]
[Site "Stockholm"]
[Date "1999.06.05"]
[Round "1"]
[White "Lyrberg, Patrik"]
[Black "Pedersen, Daniel Vesterbaek"]
[Result "1-0"]
[WhiteElo "2409"]
[BlackElo "2299"]

1.Nf3 d5 2.g3 c6 3.Bg2 Bg4 4.O-O Nd7 5.d4 Ngf6 6.Ne5 Bf5 7.c4 e6 8.Nc3 Be7
9.h3 h6 10.Be3 O-O 11.g4 Bh7 12.f4 Nxe5 13.dxe5 Nd7 14.cxd5 cxd5 15.Nxd5 exd5
16.Qxd5 Nc5 17.f5 Qxd5 18.Bxd5 Rad8 19.Bc4 Nd7 20.Bf4 Bc5+ 21.Kh2 g5 22.Bg3 Nb6
23.Bb3 Rd2 24.Rfe1 Rxb2 25.e6 Rxb3 26.exf7+ Kxf7 27.axb3 a6 28.e4 Rd8 29.Re2 Rd3
30.Rc1 Ba3 31.Rcc2 Ke7 32.e5 Bg8 33.e6 Bd6 34.Bxd6+ Kxd6 35.e7  1-0

[Event "Rhein Main op"]
[Site "Frankfurt"]
[Date "1999.06.06"]
[Round "7"]
[White "Mueller, Achim"]
[Black "Zaitsev, Mikhail"]
[Result "0-1"]
[WhiteElo "2185"]
[BlackElo "2274"]

1.Nf3 d5 2.g3 Nc6 3.d4 Bg4 4.Bg2 Qd7 5.O-O O-O-O 6.c4 dxc4 7.Qa4 Kb8 8.d5 Bxf3
9.dxc6 Qxc6 10.Qxc6 Bxc6 11.Bxc6 bxc6 12.Na3 c3 13.Nc4 Rd5 14.b4 Nf6 15.Bf4 Kc8
16.Rfc1 Nd7 17.a4 g5 18.Be3 Bg7 19.Rab1 Nb6 20.Na5 Kd7 21.Nb7 Nxa4 22.Bxa7 Ra8
23.Be3 Rb8 24.Nc5+ Nxc5 25.Bxc5 g4 26.e4 Rxc5 27.bxc5 Rxb1 28.Rxb1 Bh6  0-1

[Event "CZE-ch"]
[Site "Lazne Bohdanec"]
[Date "1999.06.06"]
[Round "4"]
[White "Freisler, Pavel"]
[Black "Velicka, Petr"]
[Result "0-1"]
[WhiteElo "2328"]
[BlackElo "2449"]

1.Nf3 d5 2.g3 Nf6 3.Bg2 Bg4 4.c4 c6 5.Ne5 Be6 6.cxd5 Bxd5 7.Nf3 c5 8.Nc3 Bc6
9.O-O e6 10.a3 Be7 11.Rb1 Na6 12.d3 O-O 13.Ne5 Bxg2 14.Kxg2 Nc7 15.Qb3 Ncd5
16.Bd2 Qc7 17.f4 b6 18.e4 Nxc3 19.Bxc3 Qb7 20.Rf3 Rac8 21.f5 exf5 22.exf5 Nd5
23.Re1 Bf6 24.Ng4 Bxc3 25.bxc3 Rfe8 26.Re4 h5 27.Nf2 Nf6 28.Rxe8+ Rxe8 29.Qc4 Re2
30.h3 Nd5 31.Kg1 Nxc3 32.Rf4 Nd1 33.Ne4 Qd7 34.Ng5 Ne3 35.Qa4 Re1+ 36.Kh2 Nf1+
37.Kg2 Qxd3 38.Rf2 Qxg3+  0-1

[Event "Budapest FS06 GM"]
[Site "Budapest"]
[Date "1999.06.09"]
[Round "5"]
[White "Maiwald, Jens Uwe"]
[Black "Varga, Zoltan"]
[Result "1-0"]
[WhiteElo "2467"]
[BlackElo "2518"]

1.Nf3 d5 2.g3 c6 3.Bg2 Bg4 4.O-O Nd7 5.d4 e6 6.Nbd2 f5 7.c4 Bd6 8.Qb3 Rb8
9.Re1 Nh6 10.cxd5 cxd5 11.h3 Bh5 12.e4 Bxf3 13.Bxf3 fxe4 14.Nxe4 Be7 15.Bxh6  1-0

[Event "Sigeman & Co"]
[Site "Malmoe"]
[Date "1999.06.12"]
[Round "5"]
[White "Karlsson, Lars"]
[Black "Hector, Jonny"]
[Result "1/2-1/2"]
[WhiteElo "2470"]
[BlackElo "2542"]

1.Nf3 d5 2.g3 Bg4 3.Bg2 Nd7 4.d4 e6 5.O-O Bd6 6.c4 c6 7.b3 Ne7 8.Ba3 Bxa3
9.Nxa3 O-O 10.Nc2 a5 11.Nce1 h6 12.Nd3 Bf5 13.Qd2 Be4 14.Rfc1 a4 15.Rab1 axb3
16.axb3 Qb6 17.c5  1/2-1/2

[Event "CZE-ch"]
[Site "Lazne Bohdanec"]
[Date "1999.06.13"]
[Round "11"]
[White "Konopka, Michal"]
[Black "Velicka, Petr"]
[Result "0-1"]
[WhiteElo "2480"]
[BlackElo "2449"]

1.Nf3 d5 2.g3 Bg4 3.Bg2 Nd7 4.O-O c6 5.b3 e5 6.d3 Ngf6 7.Bb2 Bd6 8.c4 O-O
9.Nbd2 Re8 10.e4 dxe4 11.Nxe4 Nxe4 12.dxe4 Qe7 13.Qc2 Bc5 14.Ne1 Nf8 15.Nd3 f6
16.h3 Bh5 17.b4 Bxb4 18.c5 Ba5 19.f4 exf4 20.gxf4 Bf7 21.e5 f5 22.Nc1 Rad8
23.Nb3 Bxb3 24.axb3 Rd2 25.Qc4+ Ne6 26.Rxa5 Rxb2 27.Qc3 b6 28.cxb6 axb6 29.Qxb2 bxa5
30.Qc3 Qc5+ 31.Qxc5 Nxc5 32.Bxc6 Rb8 33.Bd5+ Kf8 34.Ra1 Nxb3 35.Bxb3 Rxb3
36.Rxa5 Rxh3  0-1

[Event "Vidmar mem 13th"]
[Site "Portoroz"]
[Date "1999.06.13"]
[Round "1"]
[White "Aronian, Levon"]
[Black "Beliavsky, Alexander G"]
[Result "0-1"]
[WhiteElo "2502"]
[BlackElo "2650"]

1.Nf3 d5 2.g3 c6 3.Bg2 Bg4 4.c4 e6 5.cxd5 Bxf3 6.Bxf3 cxd5 7.O-O Nf6 8.Nc3 Nc6
9.d3 Be7 10.a3 O-O 11.Bg2 Qd7 12.Bd2 Rab8 13.Rc1 b5 14.Bf4 Bd6 15.Bg5 b4
16.Bxf6 gxf6 17.axb4 Nxb4 18.e4 dxe4 19.Nxe4 Be7 20.d4 Rfd8 21.Qg4+ Kh8 22.Qh4 Qxd4
23.Qh5 Kg7 24.Rc7 Nd5 25.Rd1 Qe5 26.Qg4+ Kf8 27.Rxa7 f5 28.Qh5 Qg7 29.Nd2 Bc5
30.Raa1 Bxf2+ 31.Kxf2 Qd4+ 32.Ke2 Rxb2 33.Qh6+ Ke8 34.Ra3 Nc3+ 35.Rxc3 Qxc3
36.Qg5 Rd6 37.Qe3 Qc4+ 38.Ke1 Qb4 39.Bf1 Ke7 40.Qg5+ Kd7 41.Qe3 Rd5 42.Bd3 h6
43.Rc1 Re5  0-1

[Event "Beersheba-Peterburg Kings m"]
[Site "St Petersburg"]
[Date "1999.06.14"]
[Round "9"]
[White "Tseitlin, Mark D"]
[Black "Ivanov, Sergey"]
[Result "0-1"]
[WhiteElo "2490"]
[BlackElo "2528"]

1.Nf3 d5 2.g3 Bg4 3.Bg2 Nd7 4.O-O e6 5.d3 Ngf6 6.Nbd2 e5 7.e4 dxe4 8.dxe4 Bc5
9.h3 Bh5 10.Qe1 O-O 11.Nh4 Re8 12.Kh2 c6 13.a4 a5 14.Nc4 Qc7 15.Bd2 b6 16.Bc3 Rad8
17.Bf3 Bxf3 18.Nxf3 Bb4 19.Bxb4 axb4 20.Rd1 h6 21.Nd6 Re6 22.Qxb4 c5 23.Nb5 Qc6
24.Qc4 Nxe4 25.Qd5 Qxd5 26.Rxd5 Nef6 27.Rd2 e4 28.Nh4 Rf8 29.Rfd1 Ne5 30.Rd8 Nf3+
31.Nxf3 exf3 32.R8d3 Re2 33.Rxf3 Rxc2 34.b3 Re8 35.Na3 Ra2 36.Nc4 Ree2 37.Kg2 Ne4
38.Rd8+ Kh7 39.Re8 Rxf2+ 40.Rxf2 Rxf2+ 41.Kg1 Re2 42.Nxb6 f5 43.a5 Ra2 44.g4 Nf6
45.Re5 fxg4 46.hxg4 Rxa5 47.g5 Ng4 48.Re6 hxg5 49.Nc4 Rb5 50.Nd2 Nf6 51.Re5 Kg6
52.Kg2 Ng4 53.Re4 Rb4 54.Kg3 Nf6 55.Re5 Rd4 56.Nf3 Rd3 57.Kg2 Rd5 58.Kg3 Rxe5
59.Nxe5+ Kf5 60.Nd3 Ne4+ 61.Kh3 g4+ 62.Kg2 Ke6 63.Nb2 Kd5  0-1

[Event "Vidmar mem 13th"]
[Site "Portoroz"]
[Date "1999.06.21"]
[Round "8"]
[White "Aronian, Levon"]
[Black "Kozul, Zdenko"]
[Result "1-0"]
[WhiteElo "2502"]
[BlackElo "2585"]

1.Nf3 d5 2.g3 Nc6 3.d4 Bf5 4.Bg2 e6 5.a3 Be7 6.O-O Nf6 7.c4 Ne4 8.e3 O-O
9.Qe2 Re8 10.Nfd2 a6 11.b4 Nxd2 12.Bxd2 Na7 13.Nc3 c6 14.c5 Qd7 15.a4 e5
16.dxe5 a5 17.Na2 axb4 18.Bxb4 Nc8 19.a5 Bd8 20.Qb2 Ne7 21.Nc3 Ng6 22.f4 Bg4
23.Qd2 f6 24.Nxd5 Rb8 25.Nb6 Qxd2 26.Bxd2 Be7 27.h3 Be2 28.Rfe1 Ba6 29.exf6 gxf6
30.Bb4 Rbd8 31.Rad1 Nf8 32.f5 Bd3 33.Bd5+ cxd5 34.Rxd3 Nd7 35.Rxd5 Ne5 36.Red1 Nc6
37.Rxd8 Bxd8 38.Be1 Re5 39.Nd5 Kf7 40.Nb4 Nxb4 41.Rxd8 Nc2 42.Rd7+ Ke8 43.Rxb7  1-0

[Event "Hotel Irottko GM"]
[Site "Koszeg"]
[Date "1999.06.26"]
[Round "4"]
[White "Schebler, Gerhard"]
[Black "Ruck, Robert"]
[Result "1/2-1/2"]
[WhiteElo "2439"]
[BlackElo "2492"]

1.Nf3 d5 2.g3 g6 3.c4 c6 4.Bg2 Bg7 5.O-O e5 6.d3 Ne7 7.Nc3 O-O 8.e4 d4 9.Ne2 c5
10.Nh4 Nec6 11.Bd2 Bg4 12.h3 Be6 13.Qe1 Bf6 14.Bh6 Re8 15.Qd2 Bg7 16.Nf3 Bxh6
17.Qxh6 f6 18.Nh4 Qd7 19.Nxg6 hxg6 20.Qxg6+ Kh8 21.f4 Qf7 22.Qh6+ Qh7 23.Qxf6+ Qg7
24.Qh4+ Qh7 25.Qf6+ Qg7  1/2-1/2

[Event "Hotel Irottko GM"]
[Site "Koszeg"]
[Date "1999.06.27"]
[Round "5"]
[White "Kustar, Sandor"]
[Black "Zontakh, Andrey"]
[Result "1/2-1/2"]
[WhiteElo "2434"]
[BlackElo "2530"]

1.Nf3 d5 2.g3 c6 3.Bg2 Bg4 4.d3 Nd7 5.Nbd2 e6 6.h3 Bh5 7.b3 Ngf6 8.Bb2 Be7
9.g4 Bg6 10.Nh4 e5 11.e3 Bd6 12.Qe2 Qe7 13.a3 Nc5 14.g5 Nfd7 15.Nxg6 hxg6
16.h4 O-O-O 17.O-O-O Kb8 18.Kb1 f5 19.gxf6 gxf6 20.h5 gxh5 21.Rxh5 Rhg8  1/2-1/2

[Event "White Nights"]
[Site "St Petersburg"]
[Date "1999.06.27"]
[Round "2"]
[White "Loginov, Valery A"]
[Black "Kruppa, Yuri"]
[Result "1-0"]
[WhiteElo "2532"]
[BlackElo "2561"]

1.Nf3 d5 2.g3 Bg4 3.Bg2 Nd7 4.c4 c6 5.cxd5 cxd5 6.Nc3 e6 7.Qb3 Qb6 8.Qxb6 axb6
9.Nd4 Ngf6 10.h3 Bh5 11.Ndb5 Rc8 12.O-O Be7 13.d4 O-O 14.Bf4 Rc6 15.Rfc1 Ra8
16.a3 Bg6 17.g4 Kf8 18.f3 Ne8 19.e4 dxe4 20.fxe4 e5 21.dxe5 Nc5 22.Rd1 Ne6
23.Bg3 N8c7 24.Nd6 Rb8 25.h4 h6 26.Rd2 Nd8 27.Rf1 Nce6 28.Nd5 h5 29.g5 Ra8
30.Kh2 b5 31.Nxb5 Ra4 32.b4 Raa6 33.Bf2 Rc4 34.Nb6 Rxb6 35.Bxb6 Bxe4 36.Bxd8 Nxd8
37.Rf4 Bxg2 38.Rxc4 Bf1 39.Rc8 Bxb5 40.Rdxd8+ Bxd8 41.Rxd8+ Ke7 42.Rd6  1-0

[Event "Hotel Irottko GM"]
[Site "Koszeg"]
[Date "1999.06.28"]
[Round "6"]
[White "Hoffmann, Michael"]
[Black "Varga, Zoltan"]
[Result "0-1"]
[WhiteElo "2407"]
[BlackElo "2518"]

1.Nf3 d5 2.g3 g6 3.Bg2 Bg7 4.O-O e5 5.d3 Ne7 6.Nbd2 O-O 7.e4 Nbc6 8.c3 h6
9.exd5 Nxd5 10.Re1 Re8 11.a4 Be6 12.a5 f5 13.a6 b5 14.c4 bxc4 15.Nxc4 Bf7
16.Qa4 Qf6 17.Be3 Rab8 18.Bc5 Nb6 19.Bxb6 cxb6 20.Na3 Red8 21.Rac1 Be8 22.Qb3+ Kh8
23.Nc4 Bf7 24.Qa3 Bf8 25.Qa1 Re8 26.b3 Bg7 27.Re3 b5 28.Ncd2 Nd4 29.Qa5 Bf8
30.Qa1 Bd6 31.Bf1 Kg7 32.Ree1 Bd5 33.Rc3 e4 34.dxe4 fxe4 35.Nh4 Be5 36.Rec1 Bf4
37.Rc7+ Kg8  0-1

[Event "Hotel Irottko GM"]
[Site "Koszeg"]
[Date "1999.06.28"]
[Round "6"]
[White "Llanos, Guillermo"]
[Black "Ruck, Robert"]
[Result "1/2-1/2"]
[WhiteElo "2437"]
[BlackElo "2492"]

1.Nf3 d5 2.g3 g6 3.Bg2 Bg7 4.O-O Nf6 5.d3 O-O 6.Nbd2 c5 7.e4 Nc6 8.c3 e5
9.exd5 Nxd5 10.Qb3 Nde7 11.Nc4 Rb8 12.Re1 Be6 13.Qc2 f6 14.a4 Qd7 15.Be3 b6
16.Rad1 Rbd8 17.Bc1 Rfe8 18.Qe2 Nd5 19.Qc2 Kh8 20.Nfd2 Bg4 21.f3 Be6 22.Ne4 Qc7
23.Nf2 a6 24.Ne4 f5 25.Ng5 Bg8 26.Qf2 h6 27.Nh3 Nf6 28.Be3 Nd5 29.Bc1 g5
30.Qf1 b5 31.axb5 axb5 32.Ne3 Nxe3 33.Bxe3 c4 34.dxc4 Bxc4 35.Qf2 Rxd1 36.Rxd1 g4
37.fxg4 fxg4 38.Qf5 gxh3 39.Be4 Bg8 40.Rd7 Qa5 41.Rxg7 Qa1+ 42.Bb1 e4 43.Rxg8+ Kxg8
44.Qg6+ Kf8 45.Bc5+ Re7 46.Bxe7+ Kxe7 47.Qxe4+ Kd6 48.Qg6+ Kc5 49.b4+ Kb6
50.Qd3 Ne5 51.Qd4+ Ka6 52.Qd6+ Ka7 53.Qe7+ Ka6 54.Qd6+ Kb7 55.Qxe5 Qxb1+
56.Kf2 Qc2+ 57.Qe2 Qxc3 58.Qxb5+ Ka8 59.Qa6+ Kb8 60.Qb6+ Ka8 61.Qc6+ Kb8
62.Qd6+ Kb7 63.Qe7+ Kc6 64.Qe8+ Kc7 65.Qf7+ Kb6 66.Qe6+ Kb5 67.Qxh6 Qc2+
68.Kf3 Qd1+ 69.Ke4 Qc2+ 70.Kf3 Qd1+ 71.Ke4 Qc2+ 72.Kf3 Qd1+  1/2-1/2